00286nam a2200121Ia 450000500170000000800460001703700120006304000200007504100130009508400180010810000250012624500130015120250508162308.0008 250505s9999 xx 000 0 hin d aTextual aFEDLbengcFEDL ahin2eng aFH, SNAqFEDL aSnatika Padma Kumari 0aPari lok